Java 2 EE tagové rozšírenia

Bibliographic Details
Main Author: Chu, Andrej (Author)
Format: Article
Language:Slovak
PhysicalDescription:Obr.
ISSN:1335-4787
Subjects:

MARC

LEADER 00000nab a2200000 a 4500
001 vtls008410065
003 SK-MaSNL
005 20260304210641.0
008 250505c2005 xo mr|p|||||||000 b|slo
015 |a SNBRB2005/11  |2 snkbucl 
035 |a (sysno)vtls008410065 
035 |a urn:nbn:sk:snk-ab6i1f 
035 |a (uuid)4c0b330b-d9e2-45d5-b135-b0780e74603a 
035 |a (urnnbn)urn:nbn:sk:snk:ar-0038xd 
038 |a SNKBUCL 
040 |a SNKBUCL  |b slo  |c SNKBUCL  |e AACR2 
041 0 |a slo 
044 |a xo  |c SK 
080 |a 004.42:004.438Java  |2 1981 
080 |a 004.438Java  |2 1981 
080 |a 004.55:004.439  |2 1981 
100 1 |a Chu, Andrej  |4 aut  |9 1116652 
245 1 0 |a Java 2 EE  |b tagové rozšírenia  |c Andrej Chu 
300 |b Obr. 
500 |a Pokračovanie 
650 0 7 |a Java 2 Enterprise Edition  |2 snkbucl  |9 70467 
650 0 7 |a programovacie jazyky  |2 snkbucl  |9 1838 
650 0 7 |a programovanie  |2 snkbucl  |9 22041 
650 0 7 |a JavaServer Pages  |2 snkbucl  |9 120865 
773 0 |t Infoware  |g Č. august (2005), s. 56-57  |x 1335-4787 
850 |a Slovenská národná knižnica 
852 |a Slovenská národná knižnica 
954 |a odborná, vedecká literatúra pôvodná (slovenská)  |2 lita 
958 |a article2022 
958 |a OND 
958 |a EUIPO 
999 |c 3127032  |d 3128962